Statistics for Mexican Foods

Click here to take the quiz!

General Stats

  • This quiz has been taken 12,205 times
  • The average score is 11 of 19

Answer Stats

DescriptionAnswer% Correct
Folded tortilla with fillingsTaco
91%
Large tortilla wrapped completely
around fillings
Burrito
89%
Dip made with avocadosGuacamole
89%
Tortilla chips and melted cheeseNachos
78%
Mexico's most famous hot pepperJalapeño
77%
Liquor made from agaveTequila
73%
Spanish sausageChorizo
71%
Tube-shaped deep-fried doughChurro
58%
Brown sauce made with chilis
and chocolate
Mole
56%
The above, deep-friedChimichanga
51%
Cornmeal with fillings
wrapped in a leaf
Tamale
51%
Literally, rice with chickenArroz con Pollo
46%
Raw fish cured in citrus juicesCeviche
45%
Small, tightly-rolled tortilla,
stuffed and fried
Taquito or Flauta
40%
Mexican sandwichTorta
37%
Breakfast eggs served on tortillasHuevos Rancheros
36%
Doughy tortilla, fried and stuffed.
Its name means "little fat one"
Gordita
33%
Beef tongueLengua
27%
Soup made with tripeMenudo
25%

Score Distribution

Percentile by Number Answered

Percent of People with Each Score

Your Score History

You have not taken this quiz